El CIDE en 1985

Saved in:
Bibliografiske detaljer
Format: Bog
Sprog:spansk
Udgivet: Santiago CIDE 1985
Fag:
Tags: Tilføj Tag
Ingen Tags, Vær først til at tagge denne postø!

MARC

LEADER 00000nam a2200000 a 4500
001 UCZ8072
003 CL-VaPUC
008 960112e19850000CL |||||||||||||||||spa|d
082 0 4 |a 371.2  |b ELC  |2 21 
245 1 3 |a El CIDE en 1985 
300 |a 179 p 
942 |c BK 
945 |d 19960112 00:00:00  |a cmena 
260 |a Santiago  |b CIDE  |c 1985 
650 0 |a Gestión educacional   |9 261035 
650 0 |a Planificación de la educación   |9 307333 
650 0 |a Programas de educación  |9 339040 
650 7 |a COORDINACION EDUCACIONAL  |2 CL-VaPUC  |9 353182 
650 7 |a DESARROLLO DE LA EDUCACION  |2 CL-VaPUC  |9 353183 
650 7 |a REFORMA DE LA EDUCACION  |2 CL-VaPUC  |9 333471 
650 0 |a Política educacional  |9 308011 
651 7 |a CHILE  |2 CL-VaPUC  |9 353184 
583 |a last modification  |c 19960112 00:00:00  |k Rodrigo Vera 
999 |c 244032  |d 244030 
952 |0 0  |1 0  |4 0  |6 371_200000000000000_ELC_1985  |7 0  |8 P  |9 257946  |a BIBEDU  |b BIBEDU  |c BIBEDU_PB  |d 2019-11-19  |i 1614657  |o 371.2 ELC 1985  |p 1614657  |r 2024-01-25  |w 2019-11-19  |y BK  |k EDU 
952 |0 0  |1 0  |4 0  |6 371_200000000000000_ELC_1985  |7 0  |8 P  |9 257947  |a BIBEDU  |b BIBEDU  |c BIBEDU_PB  |d 2019-11-19  |i 161617K  |o 371.2 ELC 1985  |p 161617K  |r 2024-01-25  |w 2019-11-19  |y BK  |k EDU